[Event "XXVI. Rhein-Main-Open, Gruppe B"]
[Site "Bad Homburg vor der Höhe"]
[Date "2024.05.28"]
[Round "1"]
[White "Pfaff, Helmut"]
[Black "Hasenpflug, Till"]
[Result "0-1"]
[WhiteElo "1529"]
[BlackElo "1633"]
[PlyCount "74"]
[EventDate "2024.??.??"]
[WhiteTeam "Vorw.Orient Mainz"]
[BlackTeam "SK Bad Homburg 1927"]

1. c4 e6 2. e4 Nf6 3. Nc3 Bb4 4. d3 d5 5. e5 d4 6. Bd2 Nfd7 7. Nf3 dxc3 8. Bxc3 Bxc3+ 9. bxc3 O-O 10. Be2 c5 11. O-O Nc6 12. d4 Qa5 13. Qd2 cxd4 14. Rfc1 Ndxe5 15. Nxd4 Nxd4 16. Qxd4 Rd8 17. Qe3 Bd7 18. c5 Ng6 19. f3 Rac8 20. Qe4 Qxc5+ 21. Qd4 Qxd4+ 22. cxd4 Bc6 23. Rc4 Rd6 24. a4 Rcd8 25. Rd1 e5 26. a5 Rxd4 27. Rcxd4 Rxd4 28. g3 Kf8 29. h4 Ne7 30. Kh2 Nf5 31. Kh3 Ne3 32. Rxd4 exd4 33. Bd3 Bxf3 34. Bxh7 g6 35. h5 Bxh5 36. Kh4 Kg7 37. Kg5 d3 0-1

[Event "XXVI. Rhein-Main-Open, Gruppe B"]
[Site "Bad Homburg vor der Höhe"]
[Date "2024.05.28"]
[Round "1"]
[White "Pham Tran, Phuong Bao"]
[Black "Brunner, Andreas"]
[Result "1-0"]
[WhiteElo "1887"]
[BlackElo "1643"]
[PlyCount "79"]
[EventDate "2024.??.??"]
[WhiteTeam "Sabt Frankfurter TV 1860"]
[BlackTeam "FV Berkersheim"]

1. e4 e6 2. d4 d5 3. Nc3 Be7 4. Be3 a6 5. Qd2 Nf6 6. f3 Nc6 7. Be2 O-O 8. e5 Ne8 9. Nd1 b5 10. f4 f6 11. Nf3 f5 12. Bf2 Bd7 13. h3 Rc8 14. g4 Nb8 15. b4 Nc6 16. c3 Rb8 17. Bg3 a5 18. a3 a4 19. Nf2 Na7 20. Nd3 c6 21. Nc5 Bc8 22. O-O-O Nc7 23. Rdg1 g6 24. Qe1 Ne8 25. gxf5 exf5 26. Bh4 Bxh4 27. Nxh4 Ng7 28. Qg3 Nh5 29. Bxh5 g5 30. Nf3 g4 31. hxg4 Kh8 32. g5 Kg7 33. e6 Qe7 34. Re1 Rb6 35. Bf7 Rh8 36. Nh4 Bxe6 37. Nxf5+ Bxf5 38. Rxe7 Kf8 39. Rxa7 h5 40. gxh6 1-0

[Event "XXVI. Rhein-Main-Open, Gruppe B"]
[Site "Bad Homburg vor der Höhe"]
[Date "2024.05.28"]
[Round "1"]
[White "Rausch, Pius"]
[Black "Schneider, Felix"]
[Result "1/2-1/2"]
[WhiteElo "1153"]
[BlackElo "1622"]
[PlyCount "61"]
[EventDate "2024.??.??"]
[WhiteTeam "SK Stadtallendorf"]
[BlackTeam "SK Bad Homburg 1927"]

1. e4 c6 2. d4 d5 3. exd5 cxd5 4. Bd3 Nc6 5. c3 Nf6 6. h3 g6 7. Nf3 Bf5 8. Bg5 Bg7 9. O-O Qb6 10. b3 Ne4 11. Be3 Qc7 12. Ng5 O-O 13. Qf3 Nxg5 14. Bxg5 Bxd3 15. Qxd3 e5 16. Be3 e4 17. Qb5 Rfd8 18. Nd2 a6 19. Qe2 f5 20. Bg5 Rd7 21. f3 b5 22. fxe4 fxe4 23. Rad1 b4 24. cxb4 Bxd4+ 25. Kh1 Re8 26. a3 Qb6 27. Bf6 Ne5 28. Bxe5 Bxe5 29. Nxe4 Ree7 30. Nc5 Ra7 31. Qf3 1/2-1/2

[Event "XXVI. Rhein-Main-Open, Gruppe B"]
[Site "Bad Homburg vor der Höhe"]
[Date "2024.05.28"]
[Round "1"]
[White "Reimer, Otto"]
[Black "Schleicher, Nicolai"]
[Result "1-0"]
[WhiteElo "1911"]
[BlackElo "1273"]
[PlyCount "87"]
[EventDate "2024.??.??"]
[WhiteTeam "SK Bad Homburg 1927"]
[BlackTeam "SV Frankfurt Nord 1926"]

1. e4 c5 2. Nf3 d6 3. d4 cxd4 4. Nxd4 Nc6 5. Nc3 Nf6 6. Be3 e5 7. Nb3 Be6 8. f3 d5 9. exd5 Nxd5 10. Nxd5 Qxd5 11. Qxd5 Bxd5 12. O-O-O Be6 13. Kb1 b6 14. Bb5 Rc8 15. Nd2 Be7 16. Ne4 O-O 17. a3 f6 18. h4 Rfd8 19. Rxd8+ Nxd8 20. Rd1 Rc7 21. g3 Nf7 22. Rd2 h5 23. Be2 Bf5 24. Bd3 Be6 25. Be2 Bf5 26. Nf2 Bc5 27. Bxc5 Rxc5 28. g4 hxg4 29. fxg4 Be6 30. b4 Rd5 31. Bd3 e4 32. Nxe4 Bxg4 33. Rg2 f5 34. Nf2 Ne5 35. Nxg4 Nxg4 36. Bc4 Ne3 37. Bxd5+ Nxd5 38. Rd2 Ne3 39. Rf2 Kh7 40. Rf3 Ng2 41. Rxf5 Kh6 42. Rf7 Nxh4 43. c4 g5 44. c5 1-0

[Event "XXVI. Rhein-Main-Open, Gruppe B"]
[Site "Bad Homburg vor der Höhe"]
[Date "2024.05.28"]
[Round "1"]
[White "Riazi, Dominik"]
[Black "Lopez Fuertes, Victor"]
[Result "1/2-1/2"]
[WhiteElo "1207"]
[BlackElo "1748"]
[PlyCount "70"]
[EventDate "2024.??.??"]
[WhiteTeam "SK Bad Homburg 1927"]
[BlackTeam "SC 1910 Höchst"]

1. e4 b6 2. d4 Bb7 3. Nc3 e6 4. d5 exd5 5. exd5 Bb4 6. Bc4 Nf6 7. Nf3 Qe7+ 8. Be3 Ng4 9. Qe2 O-O 10. O-O Re8 11. Rfe1 a6 12. Qd2 Nxe3 13. Rxe3 Qf8 14. Rxe8 Qxe8 15. d6 Bxf3 16. Re1 Qf8 17. dxc7 Bxc3 18. Qxc3 Nc6 19. Qxf3 Rc8 20. Bxa6 Rxc7 21. c3 h6 22. Qe3 Qb8 23. Qe8+ Qxe8 24. Rxe8+ Kh7 25. Bb5 Na7 26. Bd3+ g6 27. Rb8 Rc6 28. Rb7 Rd6 29. Rxa7 Rxd3 30. Kf1 Kg7 31. Ke2 Rd6 32. a4 Re6+ 33. Kf1 Rd6 34. Ke2 Re6+ 35. Kf1 Rd6 1/2-1/2

[Event "XXVI. Rhein-Main-Open, Gruppe B"]
[Site "Bad Homburg vor der Höhe"]
[Date "2024.05.28"]
[Round "1"]
[White "Roth, Benjamin"]
[Black "Eckhard, Laura"]
[Result "1-0"]
[WhiteElo "1630"]
[BlackElo "1193"]
[PlyCount "103"]
[EventDate "2024.??.??"]
[WhiteTeam "Sabt Frankfurter TV 1860"]
[BlackTeam "Sfr.Heidesheim"]

1. e4 e5 2. Nf3 Nc6 3. Bb5 Nd4 4. Nxd4 exd4 5. d3 Bc5 6. Nd2 c6 7. Bc4 d5 8. exd5 cxd5 9. Bb3 Nf6 10. Qe2+ Be6 11. Ba4+ Nd7 12. Nf3 O-O 13. O-O Re8 14. Ng5 Bf5 15. Qf3 Be6 16. Qg3 Re7 17. Nf3 Kh8 18. Bd2 Nb6 19. Bb3 Rc8 20. Qh4 Qd7 21. Nxd4 Bg4 22. Be3 f5 23. Bg5 Re5 24. Nf3 Bxf3 25. gxf3 Be7 26. Kh1 Bxg5 27. Qxg5 Rce8 28. a4 a5 29. Rg1 Qe7 30. Qg3 g6 31. Qh3 Kg7 32. c3 Qe6 33. Rab1 Re2 34. Qg3 Qc6 35. h4 R8e6 36. h5 h6 37. Kh2 Qd6 38. f4 Qc5 39. Rg2 Qc6 40. Qh4 Nxa4 41. Rbg1 Nxb2 42. Rxg6+ Rxg6 43. Rxg6+ Qxg6 44. hxg6 Nxd3 45. Bxd5 Rxf2+ 46. Kg1 Rxf4 47. Qe7+ Kxg6 48. Bf7+ Kg7 49. Be8+ Kh8 50. Qf6+ Kh7 51. Bg6+ Kg8 52. Qf7+ 1-0

[Event "XXVI. Rhein-Main-Open, Gruppe B"]
[Site "Bad Homburg vor der Höhe"]
[Date "2024.05.28"]
[Round "1"]
[White "Sasikumar Anitha, Sarvesh"]
[Black "Li, Xiao Teng"]
[Result "1-0"]
[WhiteElo "1704"]
[BlackElo "1276"]
[PlyCount "55"]
[EventDate "2024.??.??"]
[WhiteTeam "SK 1858 Gießen"]
[BlackTeam "SK Bad Homburg 1927"]

1. e4 e5 2. Nf3 Nc6 3. Bb5 a6 4. Ba4 Bc5 5. O-O Nge7 6. c3 b5 7. Bc2 d5 8. d4 Bb6 9. dxe5 Bg4 10. Bf4 Bh5 11. exd5 Qxd5 12. Qxd5 Nxd5 13. Be4 O-O-O 14. Bg3 Nde7 15. Nbd2 f5 16. exf6 gxf6 17. c4 f5 18. Bxc6 Nxc6 19. cxb5 axb5 20. Rac1 Nb4 21. a3 Nd3 22. Rc3 Bxf3 23. Nxf3 Nxb2 24. Rb3 Nc4 25. Rxb5 Nxa3 26. Rb3 Nc4 27. Rc1 h6 28. h3 1-0

[Event "XXVI. Rhein-Main-Open, Gruppe B"]
[Site "Bad Homburg vor der Höhe"]
[Date "2024.05.28"]
[Round "1"]
[White "Schaack, Frank"]
[Black "Schloemer, Andreas"]
[Result "0-1"]
[WhiteElo "1470"]
[BlackElo "1766"]
[PlyCount "90"]
[EventDate "2024.??.??"]
[WhiteTeam "SK Bad Homburg 1927"]
[BlackTeam "SK Upland Willingen"]

1. e4 c5 2. d3 d6 3. Nc3 Nf6 4. h3 e6 5. Nf3 Be7 6. e5 dxe5 7. Nxe5 O-O 8. Qf3 a6 9. h4 Nd5 10. Bd2 Qc7 11. Ng4 Nb4 12. O-O-O Nd7 13. a3 Nc6 14. h5 Nd4 15. Qe3 b5 16. h6 g6 17. Ne4 f5 18. Ng5 fxg4 19. Nxe6 Nxe6 20. Qxe6+ Rf7 21. Rh4 Bxh4 22. Re1 Nf8 23. Qe4 Bb7 24. Qe2 Bxf2 25. c4 Qd7 26. Qe5 Bd4 27. Qg5 Re8 28. Be2 Qf5 29. Qxg4 Qxg4 30. Bxg4 Rxe1+ 31. Bxe1 Rf1 32. Kd1 Bxg2 33. Be2 Rxe1+ 34. Kxe1 Bxb2 35. cxb5 axb5 36. Kf2 Bd5 37. d4 Bxd4+ 38. Ke1 c4 39. Kd2 Bb2 40. Kc2 Bxa3 41. Kc3 b4+ 42. Kd4 Bf7 43. Bxc4 Bxc4 44. Kxc4 Kf7 45. Kb3 g5 0-1

[Event "XXVI. Rhein-Main-Open, Gruppe B"]
[Site "Bad Homburg vor der Höhe"]
[Date "2024.05.28"]
[Round "1"]
[White "Schmid, Herbert"]
[Black "Bretschneider, Andreas"]
[Result "1-0"]
[WhiteElo "1818"]
[BlackElo "1156"]
[PlyCount "67"]
[EventDate "2024.??.??"]
[WhiteTeam "SK Wertheim"]
[BlackTeam "Sabt Frankfurter TV 1860"]

1. e4 e5 2. Nf3 Nc6 3. Bb5 d6 4. O-O Nf6 5. d3 Bd7 6. Nc3 a6 7. Ba4 b5 8. Bb3 h6 9. Nd5 Be6 10. c4 Nd7 11. Be3 f5 12. g3 g5 13. exf5 Bxf5 14. cxb5 axb5 15. Rc1 Nc5 16. d4 exd4 17. Nxd4 Nxd4 18. Bxd4 Rh7 19. Nf6+ Ke7 20. Re1+ Ne6 21. Rxc7+ Qxc7 22. Nd5+ Kd8 23. Nxc7 Rxc7 24. Bxe6 Bxe6 25. Rxe6 Kd7 26. Re2 Rac8 27. Qb3 Rc4 28. Qxb5+ R4c6 29. Bb6 Be7 30. Qf5+ Ke8 31. Qe6 R8c7 32. Bxc7 Rxc7 33. Qxd6 Rd7 34. Qxh6 1-0

[Event "XXVI. Rhein-Main-Open, Gruppe B"]
[Site "Bad Homburg vor der Höhe"]
[Date "2024.05.28"]
[Round "1"]
[White "Schneider, Udo"]
[Black "Kaiser, Danny"]
[Result "0-1"]
[WhiteElo "1760"]
[BlackElo "1103"]
[PlyCount "54"]
[EventDate "2024.??.??"]
[WhiteTeam "SK Marburg 1931/72"]
[BlackTeam "SC Bad Nauheim"]

1. d4 d5 2. c4 e6 3. Nf3 Nc6 4. e3 Be7 5. a3 a5 6. Nc3 Nf6 7. Bd3 O-O 8. O-O h6 9. Bd2 b6 10. Qc2 Ba6 11. cxd5 Bxd3 12. Qxd3 exd5 13. Rac1 Qd7 14. Qb5 Rad8 15. Nxd5 Qxd5 16. Qxc6 Qxc6 17. Rxc6 Bd6 18. Re1 Rfe8 19. b4 Re6 20. Rec1 Nd5 21. g3 axb4 22. axb4 Ra8 23. b5 f6 24. Nh4 Ne7 25. R6c2 g5 26. Ng2 Nd5 27. f3 Ra4 {11.3.2.1} 0-1

[Event "XXVI. Rhein-Main-Open, Gruppe B"]
[Site "Bad Homburg vor der Höhe"]
[Date "2024.05.28"]
[Round "1"]
[White "Senft, Stefanie"]
[Black "Bensberg, Arno"]
[Result "0-1"]
[WhiteElo "790"]
[BlackElo "1761"]
[PlyCount "76"]
[EventDate "2024.??.??"]
[WhiteTeam "SF Bremer Osten Bgh. Mahndorf"]
[BlackTeam "SC Hilchenbach"]

1. d4 d5 2. Nf3 Nf6 3. e3 e6 4. Bd3 c5 5. c3 Bd7 6. Nbd2 c4 7. Bc2 Bd6 8. O-O Qc7 9. e4 dxe4 10. Nxe4 Be7 11. Ne5 Nxe4 12. Bxe4 Bf6 13. Bf4 Qc8 14. Qf3 Bc6 15. Nxc4 O-O 16. Rfe1 Bxe4 17. Rxe4 Qxc4 18. Bh6 Nd7 19. Rg4 g6 20. Bxf8 Rxf8 21. Qxb7 Rd8 22. h3 Qe2 23. Re4 Qc4 24. Rae1 Qxa2 25. d5 Qxd5 26. Qxd5 exd5 27. Re8+ Kg7 28. Rxd8 Bxd8 29. Rd1 Nb6 30. Ra1 Nc8 31. Kf1 Kf6 32. Ke2 Bb6 33. Ra4 Nd6 34. Kd3 Ke6 35. Ra1 Bxf2 36. Rf1 Bb6 37. Re1+ Kd7 38. b3 h5 0-1

[Event "XXVI. Rhein-Main-Open, Gruppe B"]
[Site "Bad Homburg vor der Höhe"]
[Date "2024.05.28"]
[Round "1"]
[White "Wolf, Helena"]
[Black "Nahler, Michael"]
[Result "0-1"]
[WhiteElo "1498"]
[BlackElo "1884"]
[PlyCount "52"]
[EventDate "2024.??.??"]
[WhiteTeam "SK Bad Homburg 1927"]
[BlackTeam "SV Oberursel"]

1. e4 e5 2. Nf3 Nf6 3. Nxe5 d6 4. Nf3 Nxe4 5. d3 Nf6 6. Bg5 Be7 7. Nc3 O-O 8. Be2 Re8 9. O-O h6 10. Bh4 Nc6 11. d4 Bf5 12. Bb5 a6 13. Ba4 b5 14. Bb3 Na5 15. d5 Nxb3 16. axb3 Bh7 17. Re1 Qd7 18. Re2 b4 19. Na4 Be4 20. Re3 Bxf3 21. Rxf3 Nxd5 22. Qxd5 Bxh4 23. Nc5 Qe7 24. Re3 Bxf2+ 25. Kxf2 Qxe3+ 26. Kf1 Qxc5 0-1

[Event "XXVI. Rhein-Main-Open, Gruppe B"]
[Site "Bad Homburg vor der Höhe"]
[Date "2024.05.28"]
[Round "1"]
[White "Xu, Dorothea Sicheng"]
[Black "Brauer, Julian"]
[Result "0-1"]
[WhiteElo "1256"]
[BlackElo "1731"]
[PlyCount "112"]
[EventDate "2024.??.??"]
[WhiteTeam "SK Bad Homburg 1927"]
[BlackTeam "SC Herxheim"]

1. e4 Nf6 2. Nc3 d5 3. exd5 Nxd5 4. Nxd5 Qxd5 5. Nf3 Bg4 6. Be2 e6 7. d4 Bd6 8. O-O O-O 9. Be3 Nc6 10. Qd3 Qh5 11. Rfe1 Bxf3 12. Bxf3 Qxh2+ 13. Kf1 Qh4 14. Rad1 Rad8 15. Qb5 Nb4 16. c3 Nc2 17. g3 Qh3+ 18. Bg2 Qg4 19. Qe2 Qg6 20. Bxb7 Nxe1 21. Rxe1 Rb8 22. Qa6 h6 23. Qxa7 Qf5 24. Kg2 Qb5 25. Bf3 Qxb2 26. Rc1 Qb6 27. Qa4 c5 28. Kg1 cxd4 29. cxd4 Qb4 30. Qc6 Rfc8 31. Qa6 Rxc1+ 32. Bxc1 Qe1+ 33. Kg2 Bxg3 34. Kxg3 Qxc1 35. Qa5 Qg5+ 36. Qxg5 hxg5 37. a4 Rb4 38. a5 Ra4 39. Bc6 Rxa5 40. Kf3 Kf8 41. Ke4 f5+ 42. Ke3 Ra3+ 43. Ke2 Ke7 44. f3 Kd6 45. Bb5 Kd5 46. Bd7 Ra7 47. Bc8 Kxd4 48. Bxe6 Re7 49. Kd2 Rxe6 50. Kc2 Re3 51. Kd2 Rxf3 52. Ke2 g4 53. Kd2 Rf2+ 54. Kd1 g3 55. Ke1 Kd3 56. Kd1 Rf1# 0-1

[Event "XXVI. Rhein-Main-Open, Gruppe B"]
[Site "Bad Homburg vor der Höhe"]
[Date "2024.05.28"]
[Round "1"]
[White "Ziegler, Christopher"]
[Black "Wolf, Aurelia"]
[Result "1-0"]
[WhiteElo "1740"]
[BlackElo "1498"]
[PlyCount "49"]
[EventDate "2024.??.??"]
[WhiteTeam "SV 1920 Kelsterbach"]
[BlackTeam "SK Bad Homburg 1927"]

1. e4 e5 2. Nc3 Nc6 3. Nf3 Nf6 4. Bc4 Nxe4 5. Bxf7+ Kxf7 6. Nxe4 d5 7. Nc3 e4 8. Ng1 Qg5 9. Kf1 b6 10. d3 Qg6 11. Nxd5 Bd6 12. dxe4 Ba6+ 13. Ne2 Qxe4 14. Be3 Bxe2+ 15. Kxe2 Qxg2 16. Nf4 Qg4+ 17. f3 Qf5 18. Kf2 Bxf4 19. Bxf4 Qxf4 20. Qd5+ Ke7 21. Rae1+ Kf8 22. Re4 Qf6 23. Re6 Qh4+ 24. Kg2 Kg8 25. Re8# 1-0

[Event "XXVI. Rhein-Main-Open, Gruppe B"]
[Site "Bad Homburg vor der Höhe"]
[Date "2024.05.29"]
[Round "2"]
[White "Accorsini, Luca"]
[Black "Bezsonna, Polina"]
[Result "0-1"]
[WhiteElo "1519"]
[BlackElo "1788"]
[PlyCount "66"]
[EventDate "2024.??.??"]
[WhiteTeam "Sabt Frankfurter TV 1860"]
[BlackTeam "SK Bad Homburg 1927"]

1. e4 c5 2. Nf3 Nc6 3. Bb5 g6 4. O-O Bg7 5. Bxc6 bxc6 6. Re1 Qc7 7. h3 d6 8. c3 Nf6 9. d4 cxd4 10. cxd4 O-O 11. Bf4 c5 12. Qc2 Bb7 13. Nbd2 Rac8 14. e5 Nd5 15. exd6 exd6 16. Bg3 cxd4 17. Qxc7 Nxc7 18. Bxd6 Rfd8 19. Be5 Ne6 20. Ne4 Bxe5 21. Nxe5 Bxe4 22. Rxe4 Rc2 23. b3 d3 24. Rc4 Nf4 25. Rd1 Rd5 26. Rxf4 Rxe5 27. Rxd3 Rxa2 28. Rd7 Rf5 29. Rxf5 gxf5 30. b4 Kg7 31. g3 Ra4 32. b5 Ra5 33. Rb7 a6 0-1

[Event "XXVI. Rhein-Main-Open, Gruppe B"]
[Site "Bad Homburg vor der Höhe"]
[Date "2024.05.29"]
[Round "2"]
[White "Ahrends, Norbert"]
[Black "Rotaermel, Leonie"]
[Result "1-0"]
[WhiteElo "1944"]
[BlackElo "1674"]
[PlyCount "87"]
[EventDate "2024.??.??"]
[WhiteTeam "SK 1980 Gernsheim"]
[BlackTeam "SK Bad Homburg 1927"]

1. d4 d5 2. c4 dxc4 3. e3 Nf6 4. Bxc4 e6 5. Nf3 a6 6. O-O c5 7. b3 Nc6 8. Bb2 cxd4 9. Nxd4 Nxd4 10. Bxd4 Be7 11. Qf3 O-O 12. Rd1 Qc7 13. Nd2 Bd7 14. Rac1 Bc6 15. Qh3 h6 16. Nf3 Qa5 17. a4 Bd5 18. Bc3 Qb6 19. a5 Qa7 20. Bxf6 Bxf6 21. Bxd5 exd5 22. Rxd5 Rad8 23. Rd7 Qb8 24. g3 b6 25. axb6 Qxb6 26. Rxd8 Rxd8 27. Qf1 a5 28. Qc4 Rb8 29. Nd2 Bb2 30. Rc2 Ba3 31. Qf4 Bd6 32. Qe4 Bb4 33. Nc4 Qd8 34. Ne5 Qd1+ 35. Kg2 Re8 36. Qd3 Qh5 37. Nf3 Qg4 38. Rc7 Qe6 39. Nd4 Qd5+ 40. f3 Bc5 41. Qb5 Re5 42. Rd7 Qa8 43. Nc6 Re8 44. Qxc5 1-0

[Event "XXVI. Rhein-Main-Open, Gruppe B"]
[Site "Bad Homburg vor der Höhe"]
[Date "2024.05.29"]
[Round "2"]
[White "Beier, Claus Christian"]
[Black "Vasudevan, Ananya"]
[Result "1-0"]
[WhiteElo "1674"]
[BlackElo "1244"]
[PlyCount "115"]
[EventDate "2024.??.??"]
[WhiteTeam "SK Bad Homburg 1927"]
[BlackTeam "SK Langen"]

1. e4 g6 2. d4 Bg7 3. Nf3 c5 4. dxc5 Qa5+ 5. c3 Qxc5 6. Be3 Qc6 7. Bd3 d5 8. exd5 Qxd5 9. Na3 Nc6 10. Nb5 Qd7 11. O-O a6 12. Nbd4 Nxd4 13. Bxd4 Nf6 14. Re1 O-O 15. Qb3 Qc7 16. h3 Be6 17. Qb6 Qxb6 18. Bxb6 Nd5 19. Bd4 Rfe8 20. Rad1 Rad8 21. Rd2 Nf4 22. Bb1 Bd5 23. Bb6 Rd7 24. Red1 Rd6 25. Bc7 Bxf3 26. Bxd6 Bxd1 27. Bxf4 Ba4 28. Rd5 Bc6 29. Rd2 e5 30. Be3 f5 31. Bc2 f4 32. Bb6 e4 33. Bb3+ Kh8 34. Rd8 e3 35. Rxe8+ Bxe8 36. fxe3 fxe3 37. Bxe3 Bc6 38. Kf2 Be5 39. Bd4 Bxd4+ 40. cxd4 Kg7 41. d5 Bd7 42. Ke3 Kf6 43. Kd4 Ke7 44. Ke5 Bb5 45. g4 Bf1 46. h4 Bh3 47. g5 Bf5 48. d6+ Ke8 49. Be6 Bxe6 50. Kxe6 b5 51. b4 Kd8 52. d7 Kc7 53. Ke7 Kb6 54. d8=Q+ Kc6 55. Qd6+ Kb7 56. Kd7 Ka8 57. Kc8 Ka7 58. Qb8# 1-0

[Event "XXVI. Rhein-Main-Open, Gruppe B"]
[Site "Bad Homburg vor der Höhe"]
[Date "2024.05.29"]
[Round "2"]
[White "Bensberg, Arno"]
[Black "Reimer, Otto"]
[Result "0-1"]
[WhiteElo "1761"]
[BlackElo "1911"]
[PlyCount "80"]
[EventDate "2024.??.??"]
[WhiteTeam "SC Hilchenbach"]
[BlackTeam "SK Bad Homburg 1927"]

1. d4 Nf6 2. Bf4 d5 3. Nf3 e6 4. e3 c5 5. Nbd2 cxd4 6. exd4 Nc6 7. c3 Bd6 8. Ne5 O-O 9. Bd3 Qc7 10. Qe2 a6 11. Bg3 g6 12. O-O Nh5 13. Rae1 Nxg3 14. fxg3 Nxe5 15. dxe5 Be7 16. Kh1 Bd7 17. Nf3 b5 18. Rc1 f6 19. exf6 Bxf6 20. Rfe1 Rae8 21. Ne5 Bc8 22. Bb1 Bg5 23. Rcd1 Be7 24. Qd3 Rf5 25. Qe2 Rf6 26. Ng4 Rff8 27. Ne5 Bf6 28. Kg1 Qg7 29. Bd3 Be7 30. a3 Bc5+ 31. Kh1 Rf2 32. Qg4 Bd6 33. Qd4 Rxb2 34. Nf3 Qxd4 35. cxd4 Bxa3 36. Ra1 b4 37. Ne5 Rd2 38. h3 Bb2 39. Ra2 Bc3 40. Bxa6 Rxa2 0-1

[Event "XXVI. Rhein-Main-Open, Gruppe B"]
[Site "Bad Homburg vor der Höhe"]
[Date "2024.05.29"]
[Round "2"]
[White "Boscher, Hans"]
[Black "Pham Tran, Phuong Bao"]
[Result "1/2-1/2"]
[WhiteElo "1750"]
[BlackElo "1887"]
[PlyCount "103"]
[EventDate "2024.??.??"]
[WhiteTeam "SC Bad Soden"]
[BlackTeam "Sabt Frankfurter TV 1860"]

1. e4 d6 2. Nc3 Nf6 3. Bc4 c6 4. a4 d5 5. exd5 cxd5 6. Bb5+ Nc6 7. d4 Bf5 8. Nf3 a6 9. Bd3 Bg4 10. Be2 h6 11. h3 Bf5 12. Bd3 Bxd3 13. Qxd3 Nb4 14. Qe2 Rc8 15. Ne5 Qb6 16. Nd3 Qxd4 17. Be3 Nxd3+ 18. cxd3 Qb4 19. Bd2 Qd6 20. O-O g6 21. Rfe1 e6 22. Qf3 Qd8 23. Bf4 Bg7 24. Be5 O-O 25. d4 Nd7 26. Bxg7 Kxg7 27. Re2 Qf6 28. Qe3 Rc4 29. Rd1 Rfc8 30. Qd3 Nb8 31. Re3 Nc6 32. Ne2 Nb4 33. Qb3 Qe7 34. Nf4 Qd6 35. g3 R8c7 36. Qa3 Qd7 37. Rc3 a5 38. Nd3 Nxd3 39. Rcxd3 Qc6 40. b3 Rc3 41. Kg2 Rxd3 42. Rxd3 Qc2 43. Rf3 Qe4 44. b4 Rc4 45. b5 Rb4 46. Qc3 Rc4 47. Qa3 Rb4 48. Qc3 h5 49. Qc7 Rb3 50. Qxf7+ Kh6 51. Qf8+ Kg5 52. Qf6+ 1/2-1/2

[Event "XXVI. Rhein-Main-Open, Gruppe B"]
[Site "Bad Homburg vor der Höhe"]
[Date "2024.05.29"]
[Round "2"]
[White "Brauer, Julian"]
[Black "Moldenhauer, Nils"]
[Result "1-0"]
[WhiteElo "1731"]
[BlackElo "1685"]
[PlyCount "103"]
[EventDate "2024.??.??"]
[WhiteTeam "SC Herxheim"]
[BlackTeam "SV Oberursel"]

1. c4 e5 2. g3 Nf6 3. Bg2 c6 4. e4 Bc5 5. Nc3 d6 6. Nge2 Bg4 7. O-O O-O 8. h3 Bh5 9. d3 h6 10. Kh2 Nbd7 11. f4 exf4 12. Bxf4 Re8 13. a3 Nf8 14. d4 Bb6 15. Qd2 Bxe2 16. Nxe2 Nxe4 17. Qd3 Nf6 18. Rae1 Ng6 19. Bd2 Qd7 20. Bxh6 Re6 21. Bd2 Rae8 22. b4 a6 23. a4 R8e7 24. Rf2 Ne4 25. Bxe4 Rxe4 26. Bc3 d5 27. c5 Bc7 28. Bd2 Nh4 29. Bg5 f6 30. Bxh4 Rxh4 31. Qf5 Qxf5 32. Rxf5 Rhe4 33. Rf2 Kf7 34. Kg2 Re3 35. g4 Bg3 36. Nxg3 Rxe1 37. Nf5 Rd7 38. b5 axb5 39. axb5 Rd1 40. Rb2 Rc7 41. b6 Rd7 42. Rb4 Rd3 43. h4 g6 44. Nd6+ Ke6 45. Ra4 Ke7 46. h5 gxh5 47. gxh5 Kf8 48. Ra8+ Kg7 49. Nf5+ Kf7 50. Rh8 Ke6 51. Nd6 Rxd4 52. Re8+ 1-0

[Event "XXVI. Rhein-Main-Open, Gruppe B"]
[Site "Bad Homburg vor der Höhe"]
[Date "2024.05.29"]
[Round "2"]
[White "Bretschneider, Andreas"]
[Black "Gaertner, David"]
[Result "1-0"]
[WhiteElo "1156"]
[BlackElo "1637"]
[PlyCount "73"]
[EventDate "2024.??.??"]
[WhiteTeam "Sabt Frankfurter TV 1860"]
[BlackTeam "Sfr.Mainz 1928"]

1. d4 d5 2. Nc3 Nf6 3. f3 Bf5 4. e3 e6 5. Bd3 Bg6 6. e4 dxe4 7. fxe4 c5 8. d5 c4 9. Bxc4 Bb4 10. Nf3 Nxe4 11. Qd4 Qf6 12. Bb5+ Kd8 13. Qxb4 Nxc3 14. Qxc3 Qxc3+ 15. bxc3 exd5 16. Bd3 Be4 17. O-O f5 18. Ng5 Kd7 19. Bxe4 fxe4 20. Rf7+ Kc6 21. Rxg7 Nd7 22. Rxh7 Rhf8 23. Rh6+ Kb5 24. Rb1+ Kc4 25. Rxb7 Nb6 26. Rc7+ Kb5 27. Be3 Nc4 28. Rh3 Rf6 29. Rd7 Kc6 30. Rf7 Rg6 31. Rg3 Nxe3 32. Rxe3 Rxg5 33. c4 Rb8 34. cxd5+ Kxd5 35. Rxa7 Rb1+ 36. Kf2 Rb2 37. Ra5+ 1-0

[Event "XXVI. Rhein-Main-Open, Gruppe B"]
[Site "Bad Homburg vor der Höhe"]
[Date "2024.05.29"]
[Round "2"]
[White "Brunner, Andreas"]
[Black "Schaack, Frank"]
[Result "1-0"]
[WhiteElo "1643"]
[BlackElo "1470"]
[PlyCount "61"]
[EventDate "2024.??.??"]
[WhiteTeam "FV Berkersheim"]
[BlackTeam "SK Bad Homburg 1927"]

1. Nf3 c5 2. c4 Nf6 3. g3 Qa5 4. Bg2 Nc6 5. O-O e6 6. b3 Bd6 7. Bb2 Qd8 8. Nc3 h6 9. Re1 a6 10. a4 e5 11. d3 e4 12. dxe4 Be7 13. Nd5 Rg8 14. e3 Nxe4 15. Ne5 Ng5 16. Nxe7 Qxe7 17. Nxc6 bxc6 18. Qd3 Bb7 19. f4 Ne6 20. Be5 Rd8 21. Bd6 Qf6 22. Be5 Qe7 23. Qd6 Qxd6 24. Bxd6 f6 25. a5 g5 26. f5 Ng7 27. g4 Rh8 28. Bf3 h5 29. h3 Ba8 30. Rad1 Rb8 31. Bxb8 1-0

[Event "XXVI. Rhein-Main-Open, Gruppe B"]
[Site "Bad Homburg vor der Höhe"]
[Date "2024.05.29"]
[Round "2"]
[White "Eckhard, Laura"]
[Black "Henn, Jochen"]
[Result "0-1"]
[WhiteElo "1193"]
[BlackElo "1671"]
[PlyCount "120"]
[EventDate "2024.??.??"]
[WhiteTeam "Sfr.Heidesheim"]
[BlackTeam "SC Bad Nauheim"]

1. d4 d5 2. Bf4 Nf6 3. e3 e6 4. Nf3 Nbd7 5. c4 Bb4+ 6. Nc3 dxc4 7. Bxc4 O-O 8. O-O Nb6 9. Qb3 Bxc3 10. Qxc3 Nbd5 11. Bxd5 Nxd5 12. Qb3 Nxf4 13. exf4 Qd6 14. Qe3 b6 15. Qe5 Bb7 16. Qxd6 cxd6 17. Ne1 Ba6 18. Nc2 Bxf1 19. Kxf1 Rac8 20. Nb4 a5 21. Nd3 Rc4 22. d5 Rd4 23. Ne1 Rxd5 24. Nf3 Rc8 25. b3 Rdc5 26. Ke2 Rc1 27. Rxc1 Rxc1 28. Ke3 Rc2 29. Nd4 Rxa2 30. g3 d5 31. h4 a4 32. bxa4 Rxa4 33. Kd3 Rc4 34. f3 g6 35. g4 Kg7 36. g5 b5 37. Nxb5 Rxf4 38. Ke3 Rxh4 39. f4 h6 40. gxh6+ Rxh6 41. Kd4 Kf6 42. Nd6 Rh4 43. Ke3 Ke7 44. Nb5 Kd7 45. Nd4 Kd6 46. Nb5+ Kc5 47. Nd4 g5 48. Nf3 gxf4+ 49. Ke2 Rh7 50. Ng5 Rg7 51. Nf3 f6 52. Kd2 Rg3 53. Ke2 Rxf3 54. Kxf3 Kc4 55. Kxf4 Kc3 56. Ke3 d4+ 57. Ke2 Kc2 58. Ke1 d3 59. Kf2 d2 60. Ke3 d1=R 0-1

[Event "XXVI. Rhein-Main-Open, Gruppe B"]
[Site "Bad Homburg vor der Höhe"]
[Date "2024.05.29"]
[Round "2"]
[White "Fallouh, Philippe"]
[Black "Ziegler, Christopher"]
[Result "0-1"]
[WhiteElo "1781"]
[BlackElo "1740"]
[PlyCount "22"]
[EventDate "2024.??.??"]
[WhiteTeam "SK Bad Homburg 1927"]
[BlackTeam "SV 1920 Kelsterbach"]

1. d4 Nf6 2. e3 g6 3. Bd3 Bg7 4. Nf3 d6 5. b3 c5 6. Bb2 O-O 7. Nbd2 Nc6 8. Nf1 Re8 9. Ng3 e5 10. dxe5 dxe5 11. Bb5 Qa5+ 0-1